د يکھا ہم نے ا ستنبو ل :سفر نا مے (Record no. 87839)

MARC details
000 -LEADER
fixed length control field 01087nam a22002657a 4500
005 - DATE AND TIME OF LATEST TRANSACTION
control field 20150203121641.0
008 - FIXED-LENGTH DATA ELEMENTS--GENERAL INFORMATION
fixed length control field 140714b xxu||||| |||| 00| 0 Urdu d
010 ## - LCCN (DPL NO)
LC control number UR-8596 B-548309
020 ## - INTERNATIONAL STANDARD BOOK NUMBER
Terms of availability 150.00
035 ## - SYSTEM CONTROL NUMBER
System control number U-7151 B-548309
037 ## - SOURCE OF ACQUISITION
Source of stock number/acquisition BPPD/Publishers/Venders
037 ## - SOURCE OF ACQUISITION
Source of stock number/acquisition DBAD/Pub.
037 ## - SOURCE OF ACQUISITION
Source of stock number/acquisition Star Pub. (Vend.)/Arshia Pub.(Pub.)
040 ## - CATALOGING SOURCE
Original cataloging agency DPL
Language of cataloging Urdu
082 ## - DEWEY DECIMAL CLASSIFICATION NUMBER
Classification number 910.41
100 ## - MAIN ENTRY--PERSONAL NAME
Personal name صبيحہ ا نو ر
245 ## - TITLE STATEMENT
Title د يکھا ہم نے ا ستنبو ل :سفر نا مے
Statement of responsibility, etc صبيحہ ا نو ر
246 ## - VARYING FORM OF TITLE
Title proper/short title Dekha Humney Istambol( Safarnama)
Remainder of title by Sabeeha Anwar
260 ## - PUBLICATION, DISTRIBUTION, ETC. (IMPRINT)
Name of publisher, distributor, etc Arshia Publictions
-- Star Publications.( Vender)
Date of publication, distribution, etc 2013
260 ## - PUBLICATION, DISTRIBUTION, ETC. (IMPRINT)
Place of publication, distribution, etc 4/5Asaf Ali Road,New Delhi-110002
270 ## - ADDRESS
Address A-170,Ground Floor, 3,Surya Apartment, Dilshad Colony,
City دھلی
Postal code 110095
Telephone number 9971775969
300 ## - PHYSICAL DESCRIPTION
Extent 182+8ص
Dimensions 22Cm(Pb)
942 ## - ADDED ENTRY ELEMENTS (KOHA)
Source of classification or shelving scheme Dewey Decimal Classification
Item type Urdu Bks
Call number suffix ص ب ی
Classification part 910.41
Holdings
Withdrawn status Lost status Source of classification or shelving scheme Damaged status Not for loan Collection code Home library Current library Date acquired Source of acquisition Cost, normal purchase price Total Checkouts Full call number Barcode Date last seen Copy number Cost, replacement price Koha item type
    Dewey Decimal Classification     Non-fiction Central Library Central Library 17/12/2014 BPPD/UR/2014-15/127/1.8.14/SP/3597/6.8.14/2.9.14 150.00 1 910.41 ص ب ی B-548309 04/10/2018 1 150.00 Urdu Bks
    Dewey Decimal Classification   Not For Loan Non-fiction D.B.Act.Division D.B.Act.Division 03/02/2015 DBAD/Pub. 150.00   910.41 ص ب ی U-7151 03/02/2015 1 150.00 Urdu Bks

© Delhi Public Library
Hit Counter
free hit counter